Unstable Universe Deaths - Statistics

General Stats
  • This quiz has been taken 80 times
    5 since last reset
  • The average score is 6 of 44
Answer Stats
Debut Died In Killed By Answer % Correct
I Uncovered Minecraft's Greatest Secret I Survived Minecraft's Most Corrupt City Reddoons LuigiToan
100%
I Got Hunted by the World's Best Minecraft Player I Got Hunted by a Minecraft Hacker Director Nufuli
75%
I Uncovered Minecraft's Greatest Secret Escaping Paragon: The Perfect Minecraft Prison Parrot Wifies
75%
I Built Minecraft's Safest Civilization Unstable SMP: The First War Ashswagg deanthebean9
50%
Escaping Proton: Minecraft's Most Secure Prison I Explored an Abandoned Minecraft Civilization Jaden_MAN Rejoicin
50%
I Faked My Death on a Hardcore Minecraft SMP The Search for Minecraft's Sunken Empire Wemmbu Boomie
25%
1000 Players VS Minecraft Combat Master I Became King of the Unstable SMP SargeLaw Deputy_Ace
25%
I Infiltrated The Minecraft Mafia I Infiltrated The Minecraft Mafia Ashswagg finger1974
25%
I Infiltrated The Minecraft Mafia I Infiltrated The Minecraft Mafia Spoke iMajesticRose
25%
How I Stole 10,356,000 Duped Items 2500 Players VS Minecraft Combat Master Spoke Leow0ok
25%
I Survived Minecraft's Most Corrupt City I Survived the Unstable SMP Purge LettuceK Naparizel
25%
Escaping Prison on the Unstable SMP Escaping Prison on the Unstable SMP Wemmbu SargeRaxby
25%
I Created Minecraft's Greatest Civilization I Ran for King on the Unstable SMP LettuceK Spepticle
25%
I Explored the Minecraft Great Sea 2 Minecraft Pros VS 1000 Hunters TheobaldTheBird The_Oroboros
25%
I Got Hunted by a Minecraft Hacker I Got Hunted by a Minecraft Hacker BAT TruOriginal
25%
Breaking Into Minecraft's Most Illegal Vault Breaking Into Minecraft's Most Illegal Vault Wemmbu Tyrad
25%
I Exposed a Corrupt Minecraft Civilization I Exposed a Corrupt Minecraft Civilization Shoebilly ArthurTheKnight2
0%
I Got Hunted by the Minecraft Mafia I Got Hunted by the Minecraft Mafia MinuteTech BobDaGreenFrog
0%
The End of the Minecraft Mafia The End of the Minecraft Mafia Ashswagg Cash
0%
I Got Hunted by the World's Deadliest Assassin I Got Hunted by the World's Deadliest Assassin Wemmbu Cytharam
0%
Unstable SMP: The First War Unstable SMP: The First War FlameFrags Dimofyy
0%
I Explored Beyond the Minecraft Void I Explored Beyond the Minecraft Void Wemmbu GeeGeeGamer
0%
I Survived 100 Days on a Hardcore Minecraft Server I Survived 100 Days on a Hardcore Minecraft Server Arachn1d Gunter
0%
I Survived 100 Days on a Hardcore Minecraft Server I Survived 100 Days on a Hardcore Minecraft Server Arachn1d JakeVC42_
0%
I Explored Beyond the Minecraft Fartherlands I Explored Beyond the Minecraft Fartherlands Wemmbu Lakerek
0%
I Became a Minecraft Assassin 1 VS 100 Player Minecraft War FlameFrags Mistrul
0%
The End of the Minecraft Mafia The End of the Minecraft Mafia Ashswagg NotNico
0%
I Explored the Minecraft Great Sea I Explored the Minecraft Great Sea LettuceK Ouroboroid
0%
I Created Minecraft's Greatest Civilization I Created Minecraft's Greatest Civilization Wemmbu pheeabee
0%
I Created the World's Largest Minecraft Army I Created the World's Largest Minecraft Army ReinaDrop Ralamus
0%
I Fought Minecraft's Greatest War Finding the Tomb of the Minecraft Mafia Marlow Rasplin
0%
I Faked My Death on a Hardcore Minecraft SMP Hunting a Minecraft Player Who Disappeared FlameFrags Salvationism
0%
It's Impossible to Catch this Player It's Impossible to Catch this Player TeamKalal TeamKalal
0%
I Secretly Joined My Enemy's Minecraft Team The Search for Minecraft's Sunken Empire Wemmbu TheLobsterMan
0%
SOLO Player VS Toxic Minecraft Clan SOLO Player VS Toxic Minecraft Clan FlameFrags TOX1N
0%
Orbital Strike Cannon vs Unstable SMP Orbital Strike Cannon vs Unstable SMP Wemmbu TREELEAF2021
0%
I Created Minecraft's Greatest Civilization I Created Minecraft's Greatest Civilization Wemmbu Twirps
0%
I Bankrupted Minecraft's Richest Civilization I Bankrupted Minecraft's Richest Civilization Ashswagg USmellLikeupDog
0%
SOLO Player VS Toxic Minecraft Civilization SOLO Player VS Toxic Minecraft Civilization FlameFrags VEN0M
0%
The Search for Minecraft's Lost Kingdom The Search for Minecraft's Lost Kingdom ClownPierce Verda
0%
I Created Minecraft's Greatest Civilization I Created Minecraft's Greatest Civilization Wemmbu youri_mc
0%
Unstable SMP: Doomsday Unstable SMP: Doomsday Parrot Yusai_
0%
Unstable SMP: The First War Unstable SMP: The First War Parrot Z4YA
0%
Searching for a Civilization that Doesn't Exist Searching for a Civilization that Doesn't Exist Starvation zoe444
0%
No matching quizzes found
Score Distribution
Percent of People with Each Score
Percentile by Number Answered
Your Score History
You have not taken this quiz since the last reset